000 00461cam a2200193ua 4500
001 4261
005 20260515113816.0
008 111222n ii |||gr||||Z||||||asm
040 _cMAIN
082 _a891.4513
100 1 _aKalita, Arupa Patangia,
245 1 1 _aFelanee
_cby Arupa Patangia Kalita
250 _a2nd.
260 _aGuwahati:
_bJyoti Prakashan,
_c2004.
300 _a254p:
_c23cm.
653 _aAssamese novel
653 _aFelanee
942 _cBK
999 _c4078
_d4078